Essai sur la nature de l'ame sur l'origine des idées et le fondement de la certitude

Detalles Bibliográficos
Autor principal: Receveur, François Joseph Xavier 1800-1854
Formato: Libro
Lenguaje:French
Publicado: Paris 1834
Materias:
Colección:Banco de datos
Acervo:Biblioteca de la Congregación del Oratorio de San Felipe Neri de México. Iglesia La Profesa
Descripción Física:402 p. 19 cm.
Tema general:Filosofía
Notas:Encuadernación en piel sobre cartón. Sello en tinta del Oratorio de San Felipe Neri de México. Biblioteca La Profesa, D.F. Daños de humedad
LEADER 00813nam a22001810004500
035 |a 2467 
041 0 |a fre 
100 1 |a Receveur, François Joseph Xavier  |d 1800-1854 
245 1 0 |a Essai sur la nature de l'ame sur l'origine des idées et le fondement de la certitude  |c par F.-J. Receveur, ancien professeur de philosophie 
260 |a Paris  |b Gaume ; Hachette, libraire  |c 1834 
300 |a 402 p.  |c 19 cm. 
500 |a Encuadernación en piel sobre cartón. Sello en tinta del Oratorio de San Felipe Neri de México. Biblioteca La Profesa, D.F. Daños de humedad 
504 |a Índice de capítulos 
650 1 0 |a Filosofía 
949 |a Iglesia La Profesa, Biblioteca 4674 
942 |c PROFESA 
943 |g Biblioteca de la Congregación del Oratorio de San Felipe Neri de México. Iglesia La Profesa 
999 |c 949278  |d 949278